Beethovens sämtliche briefe /

Bibliographic Details
Main Author: Beethoven, Ludwig van, 1770-1827
Other Authors: Kalischer, Alfred Christlieb, 1842-1909 (Editor)
Format: Book
Language:German
Published: Berlin Leipzig : Schuster & Loeffler, 1909-11.
Edition:2. ed.
Subjects:

MARC

Tag First Indicator Second Indicator Subfields
LEADER 00000cam a2200000K 4500
001 in00002010921
005 20151031153746.0
008 991021m19091911gw 000 0 ger d
035 |a (OCoLC)ocm42675590 
040 |a NYP  |c NYP  |d TXA  |d UtOrBLW 
049 |a TXAM 
050 4 |a ML410.B4  |b A22 1909 
100 1 |a Beethoven, Ludwig van,  |d 1770-1827. 
240 1 0 |a Letters.  |s Kalischer 
245 1 0 |a Beethovens sämtliche briefe /  |c kritische ausg. mit erläuterungen von dr. Alfr. Chr. Kalischer ... 
250 |a 2. ed. 
264 1 |a Berlin  |a Leipzig :  |b Schuster & Loeffler,  |c 1909-11. 
300 |a 3 volumes ;  |c 22 cm. 
336 |a text  |b txt  |2 rdacontent 
337 |a unmediated  |b n  |2 rdamedia 
338 |a volume  |b nc  |2 rdacarrier 
515 |a Issued in 35 parts. 
500 |a Bd. 2-3, "neu bearbeitet van Dr. Th. v. Frimmel." 
536 |a From the Howard Mayer Brown, Edward Downes and Mary Schieffelin book collections, October 2004. 
600 1 0 |a Beethoven, Ludwig van,  |d 1770-1827. 
700 1 |a Kalischer, Alfred Christlieb,  |d 1842-1909,  |e editor. 
948 |a cataloged  |b h  |c 2004/12/16  |d c  |e jgreene  |f 4:07:55 pm 
994 |a E0  |b TXA 
999 |a MARS 
999 f f |s 234c576c-a152-38ae-b38d-f31dabcadd1f  |i beae70cd-8337-3cda-ba3e-0f44c7cf62e0  |t 0 
952 f f |p ric  |a Texas A&M University  |b Rellis Campus  |c Joint Library Facility  |d Remote Storage  |t 0  |e ML410.B4 A22 1909  |h Library of Congress classification  |i unmediated -- volume  |k Bd.2  |m A14831693451 
952 f f |p ric  |a Texas A&M University  |b Rellis Campus  |c Joint Library Facility  |d Remote Storage  |t 0  |e ML410.B4 A22 1909  |h Library of Congress classification  |i unmediated -- volume  |k Bd.3  |m A14831693697 
952 f f |p ric  |a Texas A&M University  |b Rellis Campus  |c Joint Library Facility  |d Remote Storage  |t 0  |e ML410.B4 A22 1909  |h Library of Congress classification  |i unmediated -- volume  |k Bd.1  |m A14831693419 
998 f f |a ML410.B4 A22 1909  |s Bd.1-3  |t 0  |l Remote Storage